Riconosci il Pokémon - Quiz n°975 - Statistics

Statistiche generali
  • Questo quiz è stato fatto 2 volte
  • Il punteggio medio è 7 su 10
Statistiche sulle risposte
Indizio Risposta % Corretto
Altezza 1,3 m
100%
Peso 250,0 kg
100%
Sesso 50% ♂, 50% ♀
100%
Abilità Idrorinforzo; Sabbiavelo
100%
Stadio evoluzione Prima evoluzione
100%
Generazione Settima
100%
Tipo Spettro / Terra
100%
Tasso di cattura 60 (14.8%)
0%
Tasso di allevamento Medio-Veloce
0%
Pokémon Palossand
0%
Nessun quiz corrispondente trovato
Distribuzione punteggi
Percentuale di utenti per punteggio
Percentile per numero di risposta
I tuoi punteggi nel tempo
Non hai fatto questo quiz